000 01030nam1a22002171i 4500
001 rc\1128833
005 20240725232358.0
035 _a(NLR Aleph) 006379443
090 _a5068773
_c5068773
100 _a20041126d1981 u |0rusy50 ca
101 0 _arus
102 _aRU
105 _ay |||||||||
200 1 _aВременный сборник цен и нормативных документов по производству наладочных работ, выполняемых на предприятиях Минлесбумпрома СССР
_eСЦНД-01
_eТ. 1. Технологическое оборудование деревообрабатывающих производств. Дополнение...
210 _aМ.
_cБ. и.
_d1981
215 _d20
712 0 1 _aСССР
_bМ-во лесной, целлюлозно-бумажной и деревообрабатывающей промышленности
801 0 _aRU
_bNLR
_gpsbo
801 1 _aRU
_bELAR
_2rusmarc
852 _aNLR
_bПт
_j50/194
942 _cBOOK